गांधारी का सच: (Record no. 39831)

MARC details
000 -LEADER
fixed length control field 01570nam a22003017a 4500
005 - DATE AND TIME OF LATEST TRANSACTION
control field 20100806145442.0
010 ## - LCCN (DPL NO)
LC control number HIN-90034
020 ## - INTERNATIONAL STANDARD BOOK NUMBER
Terms of availability 200.00
International Standard Book Number 9788189790820
035 ## - SYSTEM CONTROL NUMBER
System control number HN-62380
037 ## - SOURCE OF ACQUISITION
Source of stock number/acquisition DBAD / पैन्सी बुक्स
082 ## - DEWEY DECIMAL CLASSIFICATION NUMBER
Classification number 821
100 ## - MAIN ENTRY--PERSONAL NAME
Personal name गर्ग, आर्यभूषण
245 ## - TITLE STATEMENT
Title गांधारी का सच:
Statement of responsibility, etc आर्यभूषण गर्ग
Remainder of title खंडकाव्य
246 ## - VARYING FORM OF TITLE
Title proper/short title Gandhari Ka Sach:Khandkavya
Remainder of title by Aryabhushan Garg
260 ## - PUBLICATION, DISTRIBUTION, ETC. (IMPRINT)
Place of publication, distribution, etc बिजनौर (उ.प्र.)
Name of publisher, distributor, etc हिन्दी साहित्य निकेतन
Date of publication, distribution, etc 2010
260 ## - PUBLICATION, DISTRIBUTION, ETC. (IMPRINT)
Place of publication, distribution, etc नई दिल्ली
Name of publisher, distributor, etc पैन्सी बुक्स (वितरक)
Date of publication, distribution, etc 2010
270 ## - ADDRESS
Address 16, साहित्य विहार
City बिजनौर (उ.प्र.)
Telephone number 01342-263232
Electronic mail address giriraj3100@gmail.com
270 ## - ADDRESS
Address आरजैड-66ए, सोमेश विहार, छावला
City नई दिल्ली
Telephone number 110071
300 ## - PHYSICAL DESCRIPTION
Extent 110पृ
Dimensions 22सेमी (सजिल्द)
650 ## - SUBJECT ADDED ENTRY--TOPICAL TERM
Topical term following geographic name as entry element हिन्दी कविता
650 ## - SUBJECT ADDED ENTRY--TOPICAL TERM
Topical term following geographic name as entry element Hindi Poetry
700 ## - ADDED ENTRY--PERSONAL NAME
9 (RLIN) 7228
700 ## - ADDED ENTRY--PERSONAL NAME
9 (RLIN) 7267
700 ## - ADDED ENTRY--PERSONAL NAME
9 (RLIN) 7698
942 ## - ADDED ENTRY ELEMENTS (KOHA)
Institution code [OBSOLETE] dpl
Item type Hindi Books
Call number prefix
Source of classification or shelving scheme Dewey Decimal Classification
Call number suffix गर्गआ
Classification part 821
Holdings
Withdrawn status Lost status Not for loan Collection code Home library Current library Date acquired Source of acquisition Cost, normal purchase price Full call number Barcode Copy number Cost, replacement price Koha item type
    Not For Loan Non-fiction D.B.Act.Division D.B.Act.Division 06/08/2010 DBAD/PUB 200.00 821 गर्गआ HN-62380 1 200.00 Hindi Books

© Delhi Public Library
Hit Counter
free hit counter